Music Quiz

Random Music or Musical Quiz

Music MUGE210 Quiz Stats

Quiz not verified by Sporcle

Challenge
Share
Tweet
Embed
Score 0/73 Timer 12:00
0 Plays Today
Genre Musician % Correct
Early Country (1)Carter Family
86.7%
Early Country (2)Jimmie Rodgers
80%
Country Blues (2)Robert Johnson
80%
Urban Blues (2)Bessie Smith
80%
Urban Blues (3)Ma Rainey
80%
Ragtime (1)Scott Joplin
80%
Tin Pan Alley (2)George Gershwin
80%
Minstrelsy (1)Stephen Foster
80%
Early Country (talent scout)Ralph Peer
73.3%
Country Blues (1)Blind Lemon Jefferson
73.3%
Jazz (1)Paul Whiteman
73.3%
Tin Pan Alley (1)Irving Berlin
73.3%
Themes of Tradition (1)Listening
73.3%
Themes of Tradition (2)Music and Identity
73.3%
Themes of Tradition (3)Music and Technology
73.3%
Themes of Tradition (5)Centers and Peripheries
73.3%
Streams of Music (1)European American
73.3%
Streams of Music (2)African American
73.3%
Streams of Music (3)Latin American
73.3%
Urban Blues (1)W.C. Handy
66.7%
Ragtime (2)Castle Family
66.7%
Tin Pan Alley (3)Richard Rodgers
66.7%
Tin Pan Alley (4)Cole Porter
66.7%
Themes of Tradition (4)The Music Business
66.7%
Country Blues 1 - Famous SongBlack Snake Moan
66.7%
First inductee Country Music HOFJimmie Rodgers
66.7%
First American pop starStephen Foster
66.7%
Complaint followed by resolutionblues
66.7%
Race Records established this decade1920s
60%
Form of Blues MusicAAB
60%
Jazz 1 - BandAmbassador Orchestra
60%
First black ragtime composerScott Joplin
60%
Invented 1877phonograph
60%
Invented 1920radio
60%
Tin Pan Alley - what cityNew York
60%
Form of Tin Pan Alley songsAABA
60%
Strophe is another word forparody
60%
Genre Musician % Correct
Invented 1925microphone
53.3%
Type of music about racism/unemploymentTin Pan Alley
53.3%
Year of first jazz recording1917
53.3%
Came out of blues and black musicjazz
53.3%
Early jazz music sounded likeblues
53.3%
Country music originally calledhillbilly music
53.3%
Upbeat and controversial musicragtime
53.3%
Started as whites making fun of blacksMinstrel Show
53.3%
Called musical flea marketTin Pan Alley
53.3%
Wrote I Got RhythmGeorge Gershwin
53.3%
Used manipulated phrasingjazz
53.3%
March kingJohn Philip Sousa
46.7%
First white performer as blackface entertainerGeorge Washington Dixon
26.7%
Wrote 'Jim Crow'Thomas Dartmouth Rice
26.7%
First full-time pro songwriterStephen Foster
26.7%
Brass bands existed in the...military
26.7%
Wrote 'Jeanie With the Light Brown Hair'Stephen Foster
26.7%
Theatrical form of musicVaudeville
26.7%
Wrote 'After the Ball'Charles Harris
26.7%
Ragtime = any music that contains...synchopation
26.7%
Ragtime means '-- --'to rag
26.7%
Ragtime evidenced --- of black musicwhite fascination
26.7%
Wrote 'Maple Leaf Rag'Scott Joplin
26.7%
Form of Maple Leaf RagAABBACCDD
26.7%
MelodiesEuropean
26.7%
DissonanceAfrican
26.7%
Complex formsEuropean
26.7%
Simple formsAfrican
26.7%
RhythmsAfrican
26.7%
No dissonanceEuropean
26.7%
BalladsEuropean
26.7%
No riffsEuropean
26.7%
RiffsAfrican
26.7%
Double entendreLatin
26.7%
DancingLatin
26.7%
Early Country 1 - Famous SongGospel Ship
13.3%

You're not logged in!

Compare scores with friends on all Sporcle quizzes.
Sign Up with Email
OR
Log In

You Might Also Like...

Show Comments

Extras

Top Quizzes Today


Score Distribution

Your Account Isn't Verified!

In order to create a playlist on Sporcle, you need to verify the email address you used during registration. Go to your Sporcle Settings to finish the process.

Report this User

Report this user for behavior that violates our Community Guidelines.

Details: